00488nam a2200193 a 4500001001300000003000900013005001700022008004100039020001000080082001600090100001600106245002700122260004300149300000800192500003500200505001000235650003300245700001600278nice12345678IN_TiNIC20260116012141.0050524s1974 teha grp 000 0 eng  ac10000a297.64bANE aAnecdotes,  aAnecdotes of Pious Men aTehranbGroup of Muslim Brothersc1974 a94p aincludes index and biblioraphy2 aindex aMuhammad, Prophet-Companions1 aAnecdotes,